Gibson Investment Ltd v Chesterton plc (Record no. 71724)

MARC details
000 -LEADER
fixed length control field 00739cam a2200181 4500
001 - CONTROL NUMBER
control field X120699
008 - FIXED-LENGTH DATA ELEMENTS--GENERAL INFORMATION
fixed length control field 021206n2002 000 0 eng u
035 ## - SYSTEM CONTROL NUMBER
System control number (Sirsi) u120699
245 ## - TITLE STATEMENT
Title Gibson Investment Ltd v Chesterton plc
260 ## - PUBLICATION, DISTRIBUTION, ETC.
Date of publication, distribution, etc. 2002
490 ## - SERIES STATEMENT
Series statement Property, Planning and Compensation Reports
Volume/sequential designation [2002] 2 P&CR 494-511(18)
520 ## - SUMMARY, ETC.
Summary, etc. ChD 11 January 2002. Loss of office buildings. Tenant's repairing covenant. Exterior of building in disrepair. Alternative methods of repair. Whether method favoured by tenant was appropriate. (Taken from journal headnote)
650 ## - SUBJECT ADDED ENTRY--TOPICAL TERM
Topical term or geographic name entry element GIBSON INVESTMENTS V CHESTERTON
650 ## - SUBJECT ADDED ENTRY--TOPICAL TERM
Topical term or geographic name entry element REPAIRING COVENANTS
650 ## - SUBJECT ADDED ENTRY--TOPICAL TERM
Topical term or geographic name entry element CRACKING
690 ## - LOCAL SUBJECT ADDED ENTRY--TOPICAL TERM (OCLC, RLIN)
Topical term or geographic name as entry element BUILDING SURVEYING-CASE LAW
942 ## - ADDED ENTRY ELEMENTS (KOHA)
Suppress in OPAC 0
Holdings
Withdrawn status Lost status Source of classification or shelving scheme Damaged status Not for loan Home library Current library Shelving location Date acquired Total Checkouts Full call number Barcode Date last seen Copy number Price effective from Koha item type
    Dewey Decimal Classification     London London Journal article 06/12/2002   X120699 120699-1001 06/08/2019 1 06/08/2019 Law report